Parliamentary law and procedure /

Bibliographic Details
Main Author: Tilson, John Q. (John Quillin), 1866-1958
Format: Book
Language:English
Published: Washington, D. C. : Ransdell incorporated, 1935.
Subjects:

MARC

Tag First Indicator Second Indicator Subfields
LEADER 00000cam a2200000 4500
001 in00000066703
005 20151008050752.0
008 770730s1935 dcu 00000 eng
010 |a  35005641  
035 |a (OCoLC)03149307 
035 |9 AAG3207AM 
040 |a DLC  |c OCP  |d TXA  |d UtOrBLW 
049 |a TXAM  |c [68726] 
050 0 |a JF515  |b .T55 
082 0 |a 328.7305 
092 |a 328.1  |b T581p 
100 1 |a Tilson, John Q.  |q (John Quillin),  |d 1866-1958. 
245 1 0 |a Parliamentary law and procedure /  |c by John Q. Tilson. 
264 1 |a Washington, D. C. :  |b Ransdell incorporated,  |c 1935. 
300 |a xv, 176 pages ;  |c 21 cm. 
336 |a text  |b txt  |2 rdacontent 
337 |a unmediated  |b n  |2 rdamedia 
338 |a volume  |b nc  |2 rdacarrier 
610 1 0 |a United States.  |b Congress.  |b House  |x Rules and practice. 
650 0 |a Parliamentary practice  |z United States. 
999 |a MARS 
999 f f |s 1ca68d65-7870-3482-b8f9-973aa877e95d  |i 6bf9dd46-142a-3f0a-a5cd-6cae88851849  |t 0 
952 f f |p ric  |a Texas A&M University  |b Rellis Campus  |c Joint Library Facility  |d Remote Storage  |t 0  |e JF515 .T55  |h Library of Congress classification  |i unmediated -- volume  |m A14800681316 
998 f f |a JF515 .T55  |t 0  |l Remote Storage